Kraje Europy (Bardzo Trudne +) - Statystyki

Ogólne statystyki
  • Ten quiz został rozwiązany 146 razy
    66 od ostatniego zresetowania
  • Średni wynik to 25 z 93
Statystyki odpowiedzi
Stolica Kraj % Poprawnych
Paryż Francja
68%
Monako Monako
66%
Helsinki Finlandia
59%
Ateny Grecja
59%
Sofia Bułgaria
58%
Tirana Albania
54%
Andora Andora
54%
Praga Czechy
51%
Dublin Irlandia
51%
Oslo Norwegia
51%
Kijów Ukraina
51%
Moskwa Rosja
49%
Berno Szwajcaria
49%
Sztokholm Szwecja
49%
Rzym Włochy
49%
Wilno Litwa
47%
Luksemburg Luksemburg
47%
San Marino San Marino
47%
Berlin Niemcy
46%
Madryt Hiszpania
42%
Reykjavík Islandia
42%
Vaduz Liechtenstein
42%
Budapeszt Węgry
42%
Londyn Wielka Brytania
42%
Bruksela Belgia
41%
Zagrzeb Chorwacja
41%
Amsterdam Holandia
41%
Watykan Watykan
41%
Wiedeń Austria
39%
Mińsk Białoruś
39%
Bukareszt Rumunia
39%
Nikozja Cypr
37%
Warszawa Polska
37%
Bratysława Słowacja
37%
Londyn Anglia
36%
Tallinn Estonia
36%
Ryga Łotwa
36%
Lizbona Portugalia
36%
Kiszyniów Mołdawia
34%
Ankara Turcja
34%
Kopenhaga Dania
32%
Podgorica Czarnogóra
31%
Gibraltar Gibraltar
31%
Valetta Malta
31%
Belgrad Serbia
31%
Edynburg Szkocja
31%
Lublana Słowenia
29%
Cardiff Walia
27%
Sarajewo Bośnia i Hercegowina
25%
Barcelona Katalonia
25%
Prisztina Kosowo
25%
Skopje Macedonia Pólnocna
25%
Baku Azerbejdżan
24%
Monachium Bawaria
24%
Tbilisi Gruzja
22%
Astana Kazachstan
22%
Palermo Sycylia
22%
Belfast Irlandia Północna
15%
Erywań Armenia
14%
Tyraspol Naddniestrze
12%
Thorshavn Wyspy Owcze
12%
Cagliari Sardynia
10%
Saint Peter Port Guernsey
8%
Suchumi Abchazja
5%
Grozny Czeczenia
5%
Machaczkała Dagestan
5%
Saint Helier Jersey
5%
Joszkar-Oła Mari El
5%
Cchinwali Osetia Południowa
5%
Kazań Tatarstan
5%
Nowy Sad Wojwodina
5%
Douglas Wyspa Man
5%
Majkop Adygeja
3%
Batumi Adżaria
3%
Ufa Baszkortostan
3%
Czeboksary Czuwaszja
3%
Aosta Dolina Aosty
3%
Komrat Gagauzja
3%
Magas Inguszetia
3%
Elista Kałmucja
3%
Czerkiesk Karaczajo-Czerkiesja
3%
Pietrozawodsk Karelia
3%
Syktywkar Komi
3%
Sarańsk Mordowia
3%
Tuluza Oksytania
3%
Władykaukaz Osetia Północna
3%
Longyearbyen Svalbard
3%
Triest Friuli-Wenecja Julijska
2%
Nalczyk Kabardo-Bałkaria
2%
Vitoria-Gasteiz Kraj Basków
2%
Trydent Trydent-Górna Adyga
2%
Iżewsk Udmurcja
2%
Maarianhamina Wyspy Alandzkie
2%
Nie znaleziono quizów pasujących do podanych kryteriów
Rozkład punktacji
Procent ludzi z każdym wynikiem
Percentyl według liczby udzielonych odpowiedzi
Twoja historia wyników
Nie rozwiązałeś tego quizu od ostatniego zresetowania